[Event "Gatineau op"]
[Site "Gatineau CAN"]
[Date "2015.03.08"]
[Round "4"]
[White "Adriaanse, Adam"]
[Black "Rodrigue-Lemieux, Shawn"]
[Result "1-0"]
[WhiteElo "2132"]
[BlackElo "1939"]
[PlyCount "93"]
[EventDate "2015.03.06"]
[EventType "swiss"]
[EventRounds "5"]
[EventCountry "CAN"]

1. e4 c5 2. Nf3 d6 3. c3 Nf6 4. Bd3 g6 5. h3 Bg7 6. Bc2 O-O 7. O-O Nc6 8. d4
cxd4 9. cxd4 b6 10. Nc3 Nb4 11. Bb1 Bb7 12. a3 Nc6 13. Be3 Rc8 14. Bd3 Na5 15.
Nd2 e6 16. Rc1 d5 17. e5 Nd7 18. Qe2 Nxe5 19. dxe5 d4 20. Bf4 dxc3 21. Rxc3 Qd4
22. Ne4 Bxe5 23. Be3 Qd8 24. Rxc8 Qxc8 25. Ng5 Bg7 26. h4 Bd5 27. Rc1 Qd7 28.
h5 Bf6 29. Qg4 Nc6 30. Qh3 Bxg5 31. Bxg5 f5 32. Bb5 Rc8 33. Bf6 Qf7 34. Qh4 Ne7
35. Rxc8+ Nxc8 36. Bc3 Ne7 37. Qd4 Kf8 38. Qe5 Bb7 39. Qb8+ Nc8 40. h6 a6 41.
Bc4 b5 42. Bb3 Ke8 43. Qe5 Ke7 44. a4 bxa4 45. Bb4+ Kd8 46. Bxe6 Qc7 47. Qh8#
1-0

[Event "Gatineau op"]
[Site "Gatineau CAN"]
[Date "2015.03.08"]
[Round "5"]
[White "Rodrigue-Lemieux, Shawn"]
[Black "Doubleday, William"]
[Result "1/2-1/2"]
[WhiteElo "1939"]
[BlackElo "2069"]
[PlyCount "87"]
[EventDate "2015.03.06"]
[EventType "swiss"]
[EventRounds "5"]
[EventCountry "CAN"]

1. e4 c5 2. Nf3 Nc6 3. Bb5 d6 4. Bxc6+ bxc6 5. h3 Nf6 6. d3 e5 7. O-O g6 8. Nc3
Bg7 9. Be3 O-O 10. a3 a5 11. Nd2 Nh5 12. Nc4 Be6 13. Na4 Nf4 14. Bxf4 exf4 15.
Qf3 Bxc4 16. dxc4 Be5 17. Rad1 Rb8 18. Nxc5 Bxb2 19. Nd3 Qf6 20. Nxf4 Bxa3 21.
Qxa3 Qxf4 22. Rfe1 Rb4 23. Qa2 Rfb8 24. Qxa5 Rxc4 25. Qc7 Re8 26. Qxd6 Qxd6 27.
Rxd6 Rxc2 28. Rd7 Rb8 29. Rd6 c5 30. Red1 Rbb2 31. Rf6 Kg7 32. Rf3 Rb7 33. Rd6
Rc7 34. Kf1 c4 35. Ke1 Rb2 36. Rc3 Rb3 37. Rxb3 cxb3 38. Rb6 Rc1+ 39. Kd2 Rc2+
40. Ke3 b2 41. h4 h5 42. g3 Kf8 43. f3 Ke7 44. g4 1/2-1/2

[Event "Mercredi 2015.02.18 ABCDE"]
[Site "Montreal CAN"]
[Date "2015.02.18"]
[Round "1"]
[White "Rodrigue-Lemieux, Shawn"]
[Black "Brassard, Sylvain"]
[Result "1-0"]
[WhiteElo "1908"]
[BlackElo "1851"]
[PlyCount "59"]
[EventDate "2015.02.18"]
[EventType "tourn"]
[EventRounds "5"]
[EventCountry "CAN"]

1. e4 Nf6 2. e5 Nd5 3. c4 Nb6 4. d4 d6 5. exd6 cxd6 6. Nc3 g6 7. Nf3 Bg7 8. Be2
Nc6 9. O-O Bg4 10. d5 Bxf3 11. Bxf3 Ne5 12. Be2 O-O 13. a4 Rc8 14. Qb3 Nbxc4
15. Qxb7 Rb8 16. Qxa7 Nxb2 17. Bxb2 Rxb2 18. Rac1 Nd7 19. Bb5 Nc5 20. Nd1 Ra2
21. Ne3 Bd4 22. Rc4 Bxe3 23. fxe3 f5 24. Rxc5 dxc5 25. d6 Rf7 26. Bc4 Rc2 27.
dxe7 Qe8 28. Rd1 Kg7 29. Bxf7 Kxf7 30. Rd8 1-0

[Event "Mercredi 2015.02.18 ABCDE"]
[Site "Montreal CAN"]
[Date "2015.02.25"]
[Round "2"]
[White "Have, Didier"]
[Black "Rodrigue-Lemieux, Shawn"]
[Result "1-0"]
[WhiteElo "1923"]
[BlackElo "1908"]
[PlyCount "71"]
[EventDate "2015.02.18"]
[EventType "tourn"]
[EventRounds "5"]
[EventCountry "CAN"]

1. e4 c5 2. Nc3 d6 3. f4 Nc6 4. Nf3 g6 5. Bb5 Bg7 6. O-O Bd7 7. Bc4 Nf6 8. e5
dxe5 9. fxe5 Ng4 10. Bxf7+ Kxf7 11. e6+ Ke8 12. exd7+ Qxd7 13. Ne4 Rf8 14. d3
Rd8 15. Nfg5 Bd4+ 16. Kh1 Rxf1+ 17. Qxf1 Qf5 18. Bf4 Nf2+ 19. Nxf2 Qxf4 20.
Nfe4 Qxf1+ 21. Rxf1 h6 22. Ne6 Rc8 23. Rf8+ Kd7 24. N4xc5+ Bxc5 25. Nxc5+ Kc7
26. Rxc8+ Kxc8 27. c3 b6 28. Ne4 Ne5 29. d4 Nd3 30. b4 Kd7 31. Kg1 Kc6 32. Nf2
Nc1 33. c4 Ne2+ 34. Kf1 Nxd4 35. Nd3 Kd6 36. Kf2 1-0

[Event "Mercredi 2015.02.18 ABCDE"]
[Site "Montreal CAN"]
[Date "2015.03.11"]
[Round "4"]
[White "Rodrigue-Lemieux, Shawn"]
[Black "Blanchet, Robert"]
[Result "1-0"]
[WhiteElo "1908"]
[BlackElo "1860"]
[PlyCount "77"]
[EventDate "2015.02.18"]
[EventType "tourn"]
[EventRounds "5"]
[EventCountry "CAN"]

1. e4 c5 2. Nf3 d6 3. d4 cxd4 4. Qxd4 Nc6 5. Bb5 Qa5+ 6. Nc3 a6 7. Bxc6+ bxc6
8. O-O Bg4 9. Nd2 e5 10. Qd3 Nf6 11. Nc4 Qc7 12. a4 Be6 13. Bg5 d5 14. exd5
cxd5 15. Bxf6 dxc4 16. Qe4 Rb8 17. Bxe5 Bd6 18. Bxg7 Rg8 19. Nd5 Bxh2+ 20. Kh1
Rxg7 21. Nxc7+ Bxc7 22. Qc6+ Kd8 23. Rad1+ Kc8 24. Qxa6+ Rb7 25. Qa8+ Rb8 26.
Qc6 Rb6 27. Qe8+ Kb7 28. a5 Rg6 29. f3 Rc6 30. Qe7 Kc8 31. Ra1 Bd6 32. Qe8+ Kc7
33. a6 Bc5 34. g4 h5 35. a7 hxg4 36. Qb8+ Kd7 37. a8=Q Rh6+ 38. Qh2 Rxh2+ 39.
Kxh2 1-0

[Event "Mercredi 2015.02.18 ABCDE"]
[Site "Montreal CAN"]
[Date "2015.03.18"]
[Round "5"]
[White "Dumouchel, Alain"]
[Black "Rodrigue-Lemieux, Shawn"]
[Result "0-1"]
[WhiteElo "1858"]
[BlackElo "1908"]
[PlyCount "74"]
[EventDate "2015.02.18"]
[EventType "tourn"]
[EventRounds "5"]
[EventCountry "CAN"]

1. e4 c6 2. d4 d5 3. exd5 cxd5 4. Bd3 Nf6 5. c3 Nc6 6. Bf4 e6 7. Nd2 Bd6 8. Bg3
O-O 9. f4 Qc7 10. Ne2 Ng4 11. Nf3 f5 12. Ne5 Bxe5 13. fxe5 g5 14. h4 f4 15.
Nxf4 Ne3 16. hxg5 Nxd1 17. Rxd1 Qg7 18. g6 hxg6 19. O-O Ne7 20. Bh4 Nf5 21. Bf6
Qh6 22. Bxf5 gxf5 23. Rd3 Rxf6 24. exf6 Qxf6 25. Nh5 Qh6 26. Rg3+ Kf7 27. Rh3
Ke7 28. Nf4 Qf6 29. Rh7+ Kd6 30. Nd3 Qg6 31. Rh3 Bd7 32. Ne5 Qg7 33. Rff3 Rg8
34. g3 Kc7 35. Kf2 Rh8 36. Rxh8 Qxh8 37. Rf4 Qh2+ 0-1

[Event "Quebec-ch U12"]
[Site "Montreal CAN"]
[Date "2015.01.16"]
[Round "1"]
[White "Yu, Xi Ming"]
[Black "Rodrigue-Lemieux, Shawn"]
[Result "0-1"]
[WhiteElo "1305"]
[BlackElo "1888"]
[PlyCount "100"]
[EventDate "2015.01.16"]
[EventType "swiss"]
[EventRounds "5"]
[EventCountry "CAN"]

1. e4 c6 2. d4 d5 3. Nc3 dxe4 4. Nxe4 Bf5 5. Nc3 e6 6. Nf3 Nd7 7. h3 Ngf6 8.
Bc4 Nb6 9. Bb3 Bd6 10. Bg5 h6 11. Be3 Qc7 12. Qd2 O-O-O 13. O-O-O Nfd5 14. Bxd5
exd5 15. g4 Bh7 16. g5 Nc4 17. Qe1 Nxe3 18. fxe3 hxg5 19. Nxg5 Bg6 20. Qe2 Rde8
21. Kb1 Bg3 22. Qd2 Qe7 23. Nf3 Qxe3 24. Qxe3 Rxe3 25. Nd2 Bc7 26. h4 Bd8 27.
Rde1 Rxe1+ 28. Rxe1 Rxh4 29. Nf3 Rf4 30. Ne5 Rxd4 31. Nxg6 fxg6 32. Rg1 g5 33.
a3 Rf4 34. Ne2 Rf2 35. Ng3 Kd7 36. Re1 Bc7 37. Ne2 g4 38. Kc1 g3 39. Kd1 g2 40.
Rg1 Bh2 41. Re1 Rxe2 42. Kxe2 g1=Q 43. Rxg1 Bxg1 44. Kf3 g5 45. b3 Ke6 46. Kg4
Kf6 47. c3 c5 48. a4 d4 49. cxd4 cxd4 50. Kf3 d3 0-1

[Event "Quebec-ch U12"]
[Site "Montreal CAN"]
[Date "2015.01.17"]
[Round "2"]
[White "Rodrigue-Lemieux, Shawn"]
[Black "Huang, Qiuyu"]
[Result "1-0"]
[WhiteElo "1888"]
[BlackElo "1694"]
[PlyCount "73"]
[EventDate "2015.01.16"]
[EventType "swiss"]
[EventRounds "5"]
[EventCountry "CAN"]

1. e4 c5 2. Nf3 Nc6 3. Bb5 g6 4. Bxc6 bxc6 5. h3 Bg7 6. O-O d6 7. Nc3 e5 8. d3
Ne7 9. Nh2 O-O 10. f4 exf4 11. Bxf4 f5 12. Kh1 Be6 13. Qe1 Nc8 14. e5 d5 15.
Na4 Qe7 16. Qc3 g5 17. Bg3 Nb6 18. Qxc5 Qxc5 19. Nxc5 Kf7 20. Nf3 h6 21. Nxe6
Kxe6 22. Nd4+ Kd7 23. Nxf5 Rg8 24. Nxg7 Rxg7 25. Rf6 h5 26. Rd6+ Kc7 27. Rf1 h4
28. Bh2 Nc8 29. Rdf6 Ne7 30. e6+ Kb6 31. Rf7 Rag8 32. Rxg7 Rxg7 33. Rf7 Rxf7
34. exf7 Ng6 35. Bd6 c5 36. f8=Q Nxf8 37. Bxf8 1-0

[Event "Quebec-ch U12"]
[Site "Montreal CAN"]
[Date "2015.01.17"]
[Round "3"]
[White "Durette, Francis"]
[Black "Rodrigue-Lemieux, Shawn"]
[Result "1-0"]
[WhiteElo "1754"]
[BlackElo "1888"]
[PlyCount "157"]
[EventDate "2015.01.16"]
[EventType "swiss"]
[EventRounds "5"]
[EventCountry "CAN"]

1. e4 c6 2. d4 d5 3. exd5 cxd5 4. c4 Nf6 5. Nc3 e6 6. Nf3 Nc6 7. c5 Be7 8. a3
O-O 9. Bd3 Re8 10. O-O h6 11. b4 a6 12. Bb2 Bf8 13. Re1 Nd7 14. Qb3 g6 15. Nb1
Bg7 16. Nbd2 f5 17. h3 Nf6 18. Rad1 Ne4 19. Bc2 Rb8 20. Nxe4 dxe4 21. Nh2 Ne7
22. Nf1 Nd5 23. Ne3 Kh8 24. Nc4 Re7 25. Nd6 Bf8 26. Qg3 Rc7 27. Nc4 g5 28. Bb3
Qe7 29. Nb6 f4 30. Qh2 Qd8 31. Rxe4 Nxb6 32. cxb6 Re7 33. d5+ Bg7 34. Bxg7+
Kxg7 35. dxe6 Qxb6 36. Rde1 Qc6 37. g3 Qc3 38. Bd5 Qd2 39. Re5 b5 40. gxf4 Qxf4
41. Qxf4 gxf4 42. Rf5 Bb7 43. Bxb7 Rbxb7 44. Rxf4 Rb6 45. Rfe4 Rc6 46. R4e3 Rc4
47. Re4 Rc3 48. R1e3 Rc2 49. Rd4 Kf6 50. Rd7 Rxd7 51. exd7 Rd2 52. Rc3 Rxd7 53.
Rc6+ Kg5 54. Rxa6 Rd5 55. Rc6 Rd3 56. Rc5+ Kh4 57. Rxb5 Rxa3 58. Kg2 h5 59. Rc5
Rb3 60. Rc4+ Kg5 61. h4+ Kf5 62. f3 Rb1 63. Kf2 Rb3 64. Kg3 Rb1 65. Rc5+ Kg6
66. b5 Kh6 67. Rc6+ Kg7 68. b6 Rb4 69. Rc7+ Kg6 70. b7 Rb1 71. Kf4 Kf6 72. Ke3
Kf5 73. Kd4 Kf4 74. Kd5 Kxf3 75. Rg7 Rb2 76. Kc6 Rb1 77. Rg5 Kf4 78. Rxh5 Kg4
79. Rb5 1-0

[Event "Mercredi 2015.01.07 ABCDE"]
[Site "Montreal CAN"]
[Date "2015.01.07"]
[Round "1"]
[White "Gauthier, Denis"]
[Black "Rodrigue-Lemieux, Shawn"]
[Result "0-1"]
[WhiteElo "1947"]
[BlackElo "1878"]
[PlyCount "74"]
[EventDate "2015.01.07"]
[EventType "tourn"]
[EventRounds "5"]
[EventCountry "CAN"]

1. d4 d5 2. c4 e5 3. dxe5 d4 4. Nf3 Nc6 5. g3 Be6 6. Nbd2 Qd7 7. Bg2 Bh3 8. O-O
Bxg2 9. Kxg2 O-O-O 10. a3 Nge7 11. b4 Ng6 12. Bb2 Ncxe5 13. Bxd4 Nxf3 14. Nxf3
Qg4 15. e3 Qe4 16. Kg1 h5 17. Ng5 Qf5 18. h4 Qd7 19. Qf3 f6 20. Ne4 Re8 21.
Rfd1 Qh3 22. Bc3 Nxh4 23. Qh1 Qxh1+ 24. Kxh1 Rxe4 25. gxh4 Rxh4+ 26. Kg2 Rxc4
27. Rd3 Bd6 28. Rad1 h4 29. Bd4 h3+ 30. Kh1 a6 31. f4 b5 32. R3d2 Rh6 33. Rg1
h2 34. Rxh2 Rxh2+ 35. Kxh2 Bxf4+ 36. Kh3 Bg5 37. Kg4 Bxe3 0-1

[Event "Mercredi 2015.01.07 ABCDE"]
[Site "Montreal CAN"]
[Date "2015.01.14"]
[Round "2"]
[White "Rodrigue-Lemieux, Shawn"]
[Black "Dumouchel, Alain"]
[Result "1-0"]
[WhiteElo "1878"]
[BlackElo "1903"]
[PlyCount "107"]
[EventDate "2015.01.07"]
[EventType "tourn"]
[EventRounds "5"]
[EventCountry "CAN"]

1. e4 e5 2. Nf3 Nc6 3. Bc4 Bc5 4. b4 Bxb4 5. c3 Ba5 6. d4 exd4 7. O-O d6 8.
cxd4 Bb6 9. Bb2 Nf6 10. Nc3 O-O 11. Re1 Bg4 12. Nd5 Nxd5 13. Bxd5 Bxf3 14. gxf3
Ne7 15. Bxb7 Rb8 16. Ba6 Ng6 17. Bc1 Qf6 18. Be3 c5 19. dxc5 dxc5 20. Kh1 Rfd8
21. Qe2 Bc7 22. Rg1 Rb2 23. Qf1 Qxf3+ 24. Qg2 Qh5 25. Bc4 Be5 26. Rac1 Nh4 27.
Qg4 Qxg4 28. Rxg4 Nf3 29. Bxc5 h5 30. Rg6 Rc8 31. Ra6 Bf4 32. Rc3 Rb1+ 33. Kg2
Ne1+ 34. Kh3 Be5 35. Bd4 Bxd4 36. Bxf7+ Kxf7 37. Rxc8 Bb6 38. Kg3 g5 39. f4 g4
40. Kh4 Rb5 41. f5 Nf3+ 42. Kg3 Rb2 43. Rc1 Rxh2 44. e5 Rh3+ 45. Kf4 Nd4 46.
Kg5 Bd8+ 47. f6 Ne6+ 48. Kh6 Bb6 49. Rd1 Be3+ 50. Kh7 Ng5+ 51. Kh8 g3 52. Rd7+
Kg6 53. f7+ Bb6 54. f8=Q 1-0

[Event "Mercredi 2015.01.07 ABCDE"]
[Site "Montreal CAN"]
[Date "2015.01.21"]
[Round "3"]
[White "Beaulieu, Pierre"]
[Black "Rodrigue-Lemieux, Shawn"]
[Result "1-0"]
[WhiteElo "1929"]
[BlackElo "1878"]
[PlyCount "97"]
[EventDate "2015.01.07"]
[EventType "tourn"]
[EventRounds "5"]
[EventCountry "CAN"]

1. b3 d5 2. Bb2 Nc6 3. e3 e5 4. Bb5 Bd6 5. Nf3 Qe7 6. d4 e4 7. Ne5 Bd7 8. Nxd7
Qxd7 9. c4 Bb4+ 10. Bc3 a6 11. cxd5 axb5 12. dxc6 Bxc3+ 13. Nxc3 Qxc6 14. Rc1
Nf6 15. O-O b4 16. Na4 Qd6 17. Qc2 b5 18. Nc5 Qd5 19. Qd2 O-O 20. Qxb4 Rxa2 21.
Qxb5 Ng4 22. Qd7 Qxd7 23. Nxd7 Rc8 24. h3 Nf6 25. Nxf6+ gxf6 26. Rc6 Kg7 27.
Rfc1 Rb2 28. Rxc7 Rxc7 29. Rxc7 Rxb3 30. g4 Kf8 31. Rc5 Rb7 32. Kg2 Re7 33. Kg3
Kg7 34. Kf4 Kg6 35. d5 Re5 36. Rc8 Rxd5 37. Rg8+ Kh6 38. Kxe4 Rd2 39. Kf3 Rd5
40. Kg3 Re5 41. Kh4 Rc5 42. f4 Rc4 43. Kg3 Rc1 44. e4 Rg1+ 45. Kh4 Rg2 46. g5+
fxg5+ 47. fxg5+ Rxg5 48. Rxg5 f5 49. Rxf5 1-0

[Event "Mercredi 2015.01.07 ABCDE"]
[Site "Montreal CAN"]
[Date "2015.01.28"]
[Round "4"]
[White "Rodrigue-Lemieux, Shawn"]
[Black "Destree, Frederic"]
[Result "0-1"]
[WhiteElo "1878"]
[BlackElo "1886"]
[PlyCount "106"]
[EventDate "2015.01.07"]
[EventType "tourn"]
[EventRounds "5"]
[EventCountry "CAN"]

1. e4 c5 2. Nf3 g6 3. d4 cxd4 4. Nxd4 Nc6 5. Be3 Nf6 6. Nc3 Bg7 7. f3 O-O 8.
Bc4 Qb6 9. Qd2 Nxe4 10. Nxc6 Nxd2 11. Nxe7+ Kh8 12. Bxb6 Nxc4 13. Bc5 d6 14.
Bf2 Nxb2 15. Kd2 Nc4+ 16. Kd3 Be6 17. Rae1 Ne5+ 18. Kd2 Bh6+ 19. Kd1 Rfe8 20.
Ncd5 Rxe7 21. Nxe7 Re8 22. Nxg6+ hxg6 23. Bxa7 Ra8 24. Bd4 Rxa2 25. Rhf1 Kh7
26. Rf2 Bg7 27. f4 Nd3 28. cxd3 Bxd4 29. Rxa2 Bxa2 30. Re4 Bg1 31. h3 Bd5 32.
Re2 Bd4 33. Kc2 b5 34. Kb1 b4 35. g4 Kh6 36. Re8 b3 37. Rd8 Bc5 38. Kb2 Be6 39.
Kb1 Kg7 40. Rb8 Kf6 41. Rb5 Ke7 42. Rb7+ Kd8 43. Rb8+ Kc7 44. Rh8 Kc6 45. Rh7
Kd5 46. Rh4 Bf2 47. Rh8 Bg3 48. Kb2 Kd4 49. f5 gxf5 50. gxf5 Bd5 51. h4 Kxd3
52. Rd8 Be5+ 53. Kb1 Kd2 0-1

[Event "Mercredi 2015.01.07 ABCDE"]
[Site "Montreal CAN"]
[Date "2015.02.04"]
[Round "5"]
[White "Heredia, Jose"]
[Black "Rodrigue-Lemieux, Shawn"]
[Result "0-1"]
[WhiteElo "1927"]
[BlackElo "1878"]
[PlyCount "68"]
[EventDate "2015.01.07"]
[EventType "tourn"]
[EventRounds "5"]
[EventCountry "CAN"]

1. e4 c5 2. Nc3 d6 3. f4 Nc6 4. Nf3 g6 5. Bb5 Bd7 6. O-O Bg7 7. d3 Qb6 8. Bxc6
Bxc6 9. Kh1 e6 10. Qe1 Ne7 11. Qh4 a6 12. a4 Qc7 13. a5 O-O-O 14. Be3 f5 15. e5
Bxf3 16. gxf3 dxe5 17. Na4 Nd5 18. Bxc5 Bf8 19. Nb6+ Kb8 20. Nxd5 Rxd5 21. Bb6
Qe7 22. Qxe7 Bxe7 23. fxe5 Rc8 24. d4 Rxc2 25. Rac1 Rxb2 26. Rc4 Bd8 27. Bc5
Bxa5 28. Rfc1 Bb6 29. Bd6+ Ka7 30. Rc8 Bxd4 31. R1c7 Be3 32. Rc2 Rxc2 33. Rxc2
Rd1+ 34. Kg2 Rd2+ 0-1

[Event "Pere Noel"]
[Site "Montreal CAN"]
[Date "2014.12.26"]
[Round "1"]
[White "Rousseau, Daniel"]
[Black "Rodrigue-Lemieux, Shawn"]
[Result "1-0"]
[WhiteElo "2105"]
[BlackElo "1862"]
[PlyCount "129"]
[EventDate "2014.12.26"]
[EventType "swiss"]
[EventRounds "5"]
[EventCountry "CAN"]

1. e4 c6 2. d4 d5 3. Nc3 dxe4 4. Nxe4 Bf5 5. Ng3 Bg6 6. Nh3 e6 7. Nf4 Bd6 8.
Bc4 Nd7 9. O-O Ngf6 10. Bxe6 fxe6 11. Nxe6 Qa5 12. Bd2 Qd5 13. Qe2 Ne4 14.
Nxg7+ Kf7 15. Bh6 Bxg3 16. fxg3+ Ndf6 17. g4 Qxd4+ 18. Kh1 Ke7 19. Rae1 Rad8
20. Be3 Qe5 21. Nf5+ Bxf5 22. Rxf5 Qe6 23. c4 Rhe8 24. Bf4 Nxg4 25. Re5 Nxe5
26. Qxe4 Kd7 27. Bxe5 Kc8 28. h3 Rd7 29. Qe3 b6 30. Qc3 Qf5 31. Bg3 Rxe1+ 32.
Qxe1 Qf6 33. Kh2 Qg6 34. Qe5 Kb7 35. Qb8+ Ka6 36. Qc8+ Rb7 37. b4 b5 38. Qd8
Rg7 39. Qc8+ Rb7 40. c5 Qe4 41. a4 bxa4 42. b5+ cxb5 43. c6 Qe7 44. cxb7 Qxb7
45. Qc2 Qb6 46. Bc7 Qe6 47. Qc3 Kb7 48. Bg3 Ka6 49. Be1 Kb7 50. Qb4 Qc6 51. Bg3
Ka6 52. Bf2 Kb7 53. Qd4 Qc7+ 54. Kh1 Ka6 55. Qf6+ Ka5 56. Be1+ b4 57. Qg5+ Ka6
58. Bxb4 Qb6 59. Qd2 h5 60. Qd3+ Kb7 61. Qd7+ Ka6 62. Qxa4+ Kb7 63. Qa5 Qf2 64.
Qb5+ Kc7 65. Qc5+ 1-0

[Event "Pere Noel"]
[Site "Montreal CAN"]
[Date "2014.12.27"]
[Round "2"]
[White "Rodrigue-Lemieux, Shawn"]
[Black "Chang, Michael"]
[Result "1-0"]
[WhiteElo "1862"]
[BlackElo "1933"]
[PlyCount "71"]
[EventDate "2014.12.26"]
[EventType "swiss"]
[EventRounds "5"]
[EventCountry "CAN"]

1. e4 c6 2. d4 d5 3. Nc3 dxe4 4. Nxe4 Bf5 5. Ng3 Bg6 6. h4 h6 7. h5 Bh7 8. Nf3
Nd7 9. Bd3 Bxd3 10. Qxd3 Ngf6 11. Bd2 e6 12. O-O-O Qc7 13. Ne4 Nxe4 14. Qxe4
Nf6 15. Qe2 O-O-O 16. Rh3 Rd5 17. c4 Rxh5 18. Rg3 g6 19. Ne5 Rf5 20. Rd3 h5 21.
f3 Nd7 22. Nxd7 Kxd7 23. g4 hxg4 24. fxg4 Rh2 25. Qe4 Rff2 26. Rf3 Bd6 27. c5
f5 28. Qd3 Rxf3 29. Qxf3 Bf8 30. Bf4 fxg4 31. Bxc7 Bh6+ 32. Kb1 Rxb2+ 33. Kxb2
gxf3 34. Bg3 Be3 35. Kc3 Bh6 36. Rf1 1-0

[Event "Pere Noel"]
[Site "Montreal CAN"]
[Date "2014.12.28"]
[Round "3"]
[White "Giroux, Robert"]
[Black "Rodrigue-Lemieux, Shawn"]
[Result "1-0"]
[WhiteElo "1993"]
[BlackElo "1862"]
[PlyCount "109"]
[EventDate "2014.12.26"]
[EventType "swiss"]
[EventRounds "5"]
[EventCountry "CAN"]

1. d4 d5 2. c4 e5 3. dxe5 d4 4. Nf3 Nc6 5. a3 Bg4 6. b4 Bxf3 7. exf3 Nxe5 8. f4
Ng6 9. g3 Qe7+ 10. Qe2 O-O-O 11. Qxe7 Bxe7 12. Bd3 Bf6 13. O-O N8e7 14. Bb2
Rhe8 15. Nd2 h5 16. Ne4 Nc6 17. Nxf6 gxf6 18. h4 a5 19. b5 Na7 20. c5 Rd5 21.
Bc4 Rd7 22. Rfd1 Red8 23. Rd3 Nf8 24. a4 Ne6 25. Ba3 Rg8 26. Rad1 Nxf4 27. Rxd4
Rxd4 28. Rxd4 Ne6 29. Rd5 Rh8 30. Be2 c6 31. Rd6 cxb5 32. axb5 Rd8 33. Rxd8+
Kxd8 34. b6 Nc6 35. Bxh5 Ke8 36. Bf3 Ned4 37. Bd1 Kf8 38. Bb2 Ne6 39. Bf3 Ne7
40. Bxb7 Nxc5 41. Ba8 Nd7 42. b7 Nc6 43. Ba3+ Kg7 44. Bd6 a4 45. Kf1 Nb6 46.
Ke1 Nc4 47. b8=Q Nxb8 48. Bxb8 Nb6 49. Be4 a3 50. Bb1 Nd5 51. Bd6 Nc3 52. Bxa3
Nxb1 53. Bb2 Kg6 54. Kd1 f5 55. Kc1 1-0

[Event "Pere Noel"]
[Site "Montreal CAN"]
[Date "2014.12.29"]
[Round "4"]
[White "Caceres Cortes, Julio"]
[Black "Rodrigue-Lemieux, Shawn"]
[Result "1/2-1/2"]
[WhiteElo "1961"]
[BlackElo "1862"]
[PlyCount "100"]
[EventDate "2014.12.26"]
[EventType "swiss"]
[EventRounds "5"]
[EventCountry "CAN"]

1. d4 d5 2. c4 e5 3. dxe5 d4 4. a3 Nc6 5. Nf3 Bg4 6. Bf4 Nge7 7. Qa4 Qd7 8.
Nbd2 Ng6 9. Bg3 Be7 10. O-O-O O-O 11. h3 Bf5 12. Nb3 b6 13. Qb5 Qe8 14. Nbxd4
Bd7 15. Qd5 Nxd4 16. Nxd4 c5 17. Nc2 Bc6 18. Qd2 Rd8 19. Qe1 Rxd1+ 20. Qxd1 Qa8
21. f3 Rd8 22. Qe1 Re8 23. e3 Bd8 24. Be2 Nxe5 25. Qd2 Bc7 26. Bf4 Qb7 27. Rd1
Ng6 28. Bxc7 Qxc7 29. Qd6 Qb7 30. e4 Nf8 31. Ne3 Ne6 32. Nd5 Nd4 33. Bd3 Ba4
34. Re1 Bd7 35. Qc7 Qxc7 36. Nxc7 Rc8 37. Nd5 Re8 38. Kb1 h6 39. Re3 Kf8 40.
Nc7 Rc8 41. Nd5 Re8 42. e5 Bc6 43. f4 Rd8 44. Be4 b5 45. Nc3 Bxe4+ 46. Nxe4 Nf5
47. Re2 bxc4 48. Nxc5 Ng3 49. Rc2 Rd4 50. Rf2 Nh5 1/2-1/2

[Event "Quebec-ch Amateur U2000"]
[Site "Montreal CAN"]
[Date "2014.10.10"]
[Round "1"]
[White "Zumsteg, Nicolas"]
[Black "Rodrigue-Lemieux, Shawn"]
[Result "0-1"]
[WhiteElo "1715"]
[BlackElo "1855"]
[PlyCount "112"]
[EventDate "2014.10.10"]
[EventType "swiss"]
[EventRounds "7"]
[EventCountry "CAN"]

1. e4 c6 2. d4 d5 3. Nc3 dxe4 4. Nxe4 Bf5 5. Ng3 Bg6 6. h4 h6 7. h5 Bh7 8. Nf3
Nd7 9. Bd3 Bxd3 10. Qxd3 Ngf6 11. c4 e6 12. Bf4 Bb4+ 13. Nd2 Nc5 14. Qe3 Ng4
15. Qf3 Qxd4 16. O-O Nf6 17. Rfd1 Qd3 18. Nde4 Qxf3 19. gxf3 Ncxe4 20. fxe4 Bc5
21. Bd6 Bxd6 22. Rxd6 Ke7 23. Rad1 Rhd8 24. e5 Rxd6 25. exd6+ Kd7 26. c5 b6 27.
b4 bxc5 28. bxc5 Rb8 29. Rc1 Rb5 30. f4 Nd5 31. f5 exf5 32. Nxf5 Rb4 33. Rc2
Rg4+ 34. Rg2 Rxg2+ 35. Kxg2 Nf4+ 36. Kg3 Nxh5+ 37. Kh4 Nf6 38. Nxg7 Ne4 39. Nf5
Nxc5 40. Nxh6 Kxd6 41. Nxf7+ Kd5 42. Kg4 Nd3 43. Kf3 Ne5+ 44. Nxe5 Kxe5 45. Ke3
Kd5 46. Kd3 c5 47. Kc3 c4 48. Kc2 Kd4 49. Kd2 c3+ 50. Kc2 Kc4 51. Kc1 Kd3 52.
Kd1 c2+ 53. Kc1 Kc3 54. a4 a6 55. a5 Kb3 56. Kd2 Kb2 0-1

[Event "Quebec-ch Amateur U2000"]
[Site "Montreal CAN"]
[Date "2014.10.11"]
[Round "2"]
[White "Rodrigue-Lemieux, Shawn"]
[Black "Morin, Louis"]
[Result "1/2-1/2"]
[WhiteElo "1855"]
[BlackElo "1977"]
[PlyCount "113"]
[EventDate "2014.10.10"]
[EventType "swiss"]
[EventRounds "7"]
[EventCountry "CAN"]

1. e4 e5 2. f4 exf4 3. Nf3 h6 4. Bc4 d6 5. d4 g5 6. O-O Bg7 7. g3 Nc6 8. gxf4
g4 9. Ne1 Bxd4+ 10. Kh1 Qh4 11. c3 Bb6 12. Ng2 Qh3 13. Qe1 Be6 14. Bxe6 fxe6
15. f5 g3 16. Qxg3 Qxg3 17. hxg3 exf5 18. exf5 Nf6 19. Nf4 O-O-O 20. Ng6 Rhe8
21. Na3 Be3 22. Nc2 Bxc1 23. Raxc1 Re4 24. Nf4 Rde8 25. Ne6 Rg8 26. Kh2 Reg4
27. Rg1 Ne4 28. Rcf1 Nxg3 29. Rf4 Nf1+ 30. Rgxf1 Rg2+ 31. Kh1 Rxc2 32. f6 Rgg2
33. Rh4 Rgf2 34. Rxf2 Rxf2 35. Rxh6 Ne5 36. Ng5 Rxb2 37. Rh8+ Kd7 38. Rh7+ Kc6
39. f7 Rf2 40. Ne6 Nxf7 41. Rxf7 Rxf7 42. Nd8+ Kc5 43. Nxf7 Kc4 44. Nd8 b6 45.
Ne6 c5 46. Nc7 b5 47. Kg2 a5 48. Kf3 d5 49. Ke2 Kxc3 50. Nxb5+ Kb4 51. Nc7 Ka3
52. Nxd5 Kxa2 53. Kd3 Kb3 54. Nb6 Kb4 55. Nd5+ Kb3 56. Nb6 Kb4 57. Nd5+ 1/2-1/2

[Event "Quebec-ch Amateur U2000"]
[Site "Montreal CAN"]
[Date "2014.10.11"]
[Round "3"]
[White "Perna-Fraser, David"]
[Black "Rodrigue-Lemieux, Shawn"]
[Result "1-0"]
[WhiteElo "1872"]
[BlackElo "1855"]
[PlyCount "65"]
[EventDate "2014.10.10"]
[EventType "swiss"]
[EventRounds "7"]
[EventCountry "CAN"]

1. e4 c6 2. d4 d5 3. exd5 cxd5 4. Bd3 Nf6 5. Nf3 e6 6. O-O Bd6 7. Re1 h6 8. Nc3
a6 9. Ne2 Qc7 10. Ng3 O-O 11. a4 Nc6 12. Qe2 Bd7 13. c3 Rfe8 14. Ne5 Rad8 15.
Nh5 Bxe5 16. dxe5 Nxh5 17. Qxh5 Ne7 18. Bxh6 gxh6 19. Re3 Bc8 20. Rg3+ Ng6 21.
Bxg6 Kf8 22. Bxf7 Qxf7 23. Qxh6+ Ke7 24. Rg7 Rf8 25. Rxf7+ Rxf7 26. Qg5+ Kd7
27. c4 Kc7 28. cxd5 Rxd5 29. Rc1+ Kb6 30. Qe3+ Ka5 31. Qc3+ Kb6 32. Qxc8 Rfd7
33. h3 1-0

[Event "Quebec-ch Amateur U2000"]
[Site "Montreal CAN"]
[Date "2014.10.12"]
[Round "4"]
[White "Rodrigue-Lemieux, Shawn"]
[Black "Desjardins, Michel"]
[Result "0-1"]
[WhiteElo "1855"]
[BlackElo "1838"]
[PlyCount "120"]
[EventDate "2014.10.10"]
[EventType "swiss"]
[EventRounds "7"]
[EventCountry "CAN"]

1. e4 d5 2. exd5 Qxd5 3. Nc3 Qd6 4. d4 Nf6 5. h3 a6 6. Nf3 b5 7. a3 Bb7 8. Be2
e6 9. O-O Nbd7 10. Re1 Be7 11. b3 O-O 12. Bb2 Rfd8 13. a4 b4 14. Nb1 a5 15.
Nbd2 c5 16. Bb5 Nb6 17. Qe2 Qc7 18. Rad1 Nfd5 19. Ne4 Nf4 20. Qf1 cxd4 21. Bxd4
f6 22. Rd2 e5 23. Bxb6 Qxb6 24. Rxd8+ Rxd8 25. Bc4+ Kf8 26. Ng3 Nxh3+ 27. gxh3
Bxf3 28. Re3 Rd1 29. Re1 Rxe1 30. Qxe1 Qd4 31. Bd3 g6 32. Qc1 Kg7 33. Qf1 Bc5
34. Qe1 Qf4 35. Kf1 Kf8 36. Ba6 Qh4 37. Bc8 f5 38. Qxe5 Qd4 39. Qxd4 Bxd4 40.
Ke1 Bc3+ 41. Kf1 Bd1 42. Be6 Bxc2 43. Bc4 Ke7 44. Kg2 Kf6 45. Kf3 Ke5 46. h4
Bd1+ 47. Kg2 f4 48. Ne2 h6 49. Kf1 g5 50. hxg5 hxg5 51. Nxc3 bxc3 52. Ke1 Bf3
53. Bd3 g4 54. Bc2 Kd6 55. Kf1 Kc5 56. Ke1 Kb4 57. Kf1 Bd5 58. Ke2 Be6 59. Ke1
Ka3 60. f3 g3 0-1